00293 a2200121 4500003000400000005001700004008004100021020001500062040000900077082001900086100002200105245004400127OSt20231216151130.0231216b |||||||| |||| 00| 0 eng d a8170557194 coclc a891.431bTRI/S aTripathi, Prabath aSADAK PAR CHUP CHAP /cPrabath Tripathi